000 00794nam a2200253Ia 4500
003 OSt
005 20220918171445.0
006 a|||||r|||| 00| 0
007 ta
008 220917b |||||||| |||| 00| 0 eng d
020 _a9781787385504 (pbk)
_cUKP 18.99
024 _a354,147
037 _b79, 24/12/2021, Classic Book Service
_cTextual
040 _aARTS
_cARTS
_beng
041 _2eng
_aeng
082 _aWv6, R1
100 _aChan Stephen Au.
_936712
245 0 _aAfrican political thought
_b an intellectual history of the quest for freedom
260 _aLondon
_bHurst & Company UK
_c2021
300 _a262p.
_ccm.
650 _aPOLITICAL SCIENCE
942 _hWv6, R1
_cTEXL
_2CC
999 _c139646
_d139646